| 000 | 00464nam a2200169 4500 | ||
|---|---|---|---|
| 003 | SEACOMEC | ||
| 005 | 20240904142533.0 | ||
| 008 | 240219b |||||||| |||| 00| 0 eng d | ||
| 020 | _cRs.190.00 | ||
| 040 | _aSEACOMEC | ||
| 082 |
_a515.7223 _bF527 |
||
| 100 | _aBagchi,S.C. | ||
| 245 | 1 |
_aA first course on reproduction theory and linear lie graph/ _cS.C. Bagchi |
|
| 260 |
_aHyderabad _bUniversities press _c2000 |
||
| 650 | _a mathematics,Analysis | ||
| 942 | _cBOOK | ||
| 999 |
_c659 _d659 |
||